| 000 | 00726nam a22002177a 4500 | ||
|---|---|---|---|
| 003 | BD-DhUL | ||
| 005 | 20211003104658.0 | ||
| 008 | 210912s2012 bg ||||| |||| 00| 0 ben | ||
| 020 | _a9841802813 (hbk) | ||
| 040 |
_aBD-DhUL _cBD-DhUL |
||
| 082 |
_a891.443 _bRAS |
||
| 100 | 1 | _aরঞ্জন | |
| 245 | 0 | 0 |
_aশীতে উপেক্ষিতা / _cরঞ্জন । |
| 250 | _a২য় সংস্ক. | ||
| 260 |
_aঢাকা : _bবিশ্ব সাহিত্য কেন্দ্র, _c২০১২ । |
||
| 300 |
_a১১২ পৃ. ; _c২২ সেমি. |
||
| 365 |
_aBDT _b150.00 |
||
| 650 | 4 | _aবাংলা উপন্যাস । | |
| 650 | 4 | _aBengali fiction. | |
| 942 |
_2ddc _cBK |
||
| 999 |
_c254428 _d254428 |
||